000 00606nam a2200253Ia 4500
005 20260123164115.0
008 008 260114s9999 xx 000 0 eng d
020 _a9789354432170
037 _aEBOOK
040 _aCRL
040 _beng
040 _cCRL
041 _2eng
041 _aeng
084 _qCRL
100 _aDESHPANDE, M. V.
_91105990
245 0 _aELEMENTS OF ELECTRICAL POWER STATION DESIGN
260 _bPHI
260 _c2018
856 _uhttps://elibrary.phindia.com/ebooks/reader/9789354432170du
942 _cEBOOK
999 _c1671113
_d1671113